Potreba kultúrnej inteligencie v zručnostiach vedúcich pracovníkov

Manažérske prostredie podstupuje za niekoľko posledných rokov proces zmeny diktovaný pravidlami globalizácie. Ako sa dá s globalizáciou spolupracovať tak, aby sme zachovali jedinečnosť domáceho prostredia? Odpoveď nachádzame v konceptoch národnej a firemnej kultúry, ako aj v kultúrnej inteligencii a...

Descrizione completa

Salvato in:
Dettagli Bibliografici
Autore principale: Uriga, Ján
Natura: Capitolo di libro
Lingua:slovacco
Soggetti:
Tags: Aggiungi Tag
Nessun Tag, puoi essere il primo ad aggiungerne!!

MARC

LEADER 00000naa$a2200000$$$4500
001 0114393
005 20231103072130.2
041 0 |a slo 
044 |a SK 
245 1 0 |a Potreba kultúrnej inteligencie v zručnostiach vedúcich pracovníkov  |c Ján Uriga 
520 |a Manažérske prostredie podstupuje za niekoľko posledných rokov proces zmeny diktovaný pravidlami globalizácie. Ako sa dá s globalizáciou spolupracovať tak, aby sme zachovali jedinečnosť domáceho prostredia? Odpoveď nachádzame v konceptoch národnej a firemnej kultúry, ako aj v kultúrnej inteligencii ako nevyhnutnej zručnosti medzinárodných top manažérov. 
610 2 0 |a manažment 
610 2 0 |a manažéri 
610 2 0 |a kultúra 
610 2 0 |a kultúra podniková 
610 2 0 |a národ 
610 2 0 |a inteligencia 
610 2 0 |a globalizácia 
100 1 |a Uriga, Ján